Dzielnice miasta Mysłowice - Statystyki

Ogólne statystyki
  • Ten quiz został rozwiązany 300 razy
  • Średni wynik to 10 z 15
Statystyki odpowiedzi
Odpowiedź % Poprawnych
Brzezinka
87%
Brzęczkowice i Słupna
86%
Wesoła
79%
Kosztowy
78%
Janów Miejski-Ćmok
73%
Piasek
69%
Centrum
68%
Morgi
66%
Krasowy
65%
Szopena-Wielka Skotnica
64%
Bończyk-Tuwima
63%
Larysz-Hajdowizna
63%
Ławki
57%
Dziećkowice
55%
Stare Miasto
28%
Nie znaleziono quizów pasujących do podanych kryteriów
Rozkład punktacji
Procent ludzi z każdym wynikiem
Percentyl według liczby udzielonych odpowiedzi
Twoja historia wyników
Nie rozwiązałeś tego quizu